|
|
|
|
| LEADER |
00000nam0a2200000 4500 |
| 001 |
135995 |
| 005 |
20231101220605.0 |
| 010 |
|
|
|a 5990074913
|
| 035 |
|
|
|a (RuTPU)RU\TPU\book\147386
|
| 090 |
|
|
|a 135995
|
| 100 |
|
|
|a 20080417d2006 m y0rusy50 ca
|
| 101 |
0 |
|
|a rus
|
| 102 |
|
|
|a RU
|
| 105 |
|
|
|a a j 000zy
|
| 200 |
1 |
|
|a Медь. Латунь. Бронза
|e учебное пособие
|f под ред. Ю. Н. Райкова
|
| 210 |
|
|
|a Москва
|c Цветметобработка
|d 2006
|
| 215 |
|
|
|a 552 с.
|c ил.
|
| 330 |
|
|
|a Коллективный труд ученых, конструкторов и проектантов ОАО «Институт Цветметобработка», а также специалистов заводов по обработке цветных металлов посвящен 70-летию (1936—2006 гг.) института. Отражены научно-технические достижения по созданию сплавов тяжелых цветных металлов для различных отраслей промышленности, по разработке технологических процессов плавки, литья, прокатки, прессования, волочения и соответствующего высокоэффективного оборудования. Приведены справочно-информационные материалы: исторические очерки, характеристики заводов ОЦМ, библиографические списки по актуальным проблемам и др. Для студентов и преподавателей металлургических специальностей вузов, инженерно-технических работников металлургических и машиностроительных предприятий.
|
| 606 |
1 |
|
|a Медь
|x Металловедение
|2 stltpush
|3 (RuTPU)RU\TPU\subj\41888
|9 61662
|
| 606 |
1 |
|
|a Бронзы
|x Металлургия
|2 stltpush
|3 (RuTPU)RU\TPU\subj\64577
|9 81424
|
| 610 |
1 |
|
|a цветные металлы
|
| 610 |
1 |
|
|a обработка
|
| 610 |
1 |
|
|a латунь
|
| 610 |
1 |
|
|a бронза
|
| 610 |
1 |
|
|a институт "Гипроцветметобработка"
|
| 610 |
1 |
|
|a институт "Цветметобработка"
|
| 610 |
1 |
|
|a история
|
| 610 |
1 |
|
|a разработки
|
| 610 |
1 |
|
|a достижения
|
| 610 |
1 |
|
|a плавка
|
| 610 |
1 |
|
|a литье
|
| 610 |
1 |
|
|a прокатка
|
| 610 |
1 |
|
|a прессование
|
| 610 |
1 |
|
|a волочение
|
| 610 |
1 |
|
|a технологические процессы
|
| 610 |
1 |
|
|a оборудование
|
| 610 |
1 |
|
|a сплавы цветных металлов
|
| 610 |
1 |
|
|a создание
|
| 610 |
1 |
|
|a учебные пособия
|
| 675 |
|
|
|a 669.3(075.8)
|v 3
|
| 675 |
|
|
|a 669.35(075.8)
|v 3
|
| 702 |
|
1 |
|a Райков
|b Ю. Н.
|g Юрий Николаевич
|4 340
|
| 801 |
|
1 |
|a RU
|b 63413507
|c 20080417
|g PSBO
|
| 801 |
|
2 |
|a RU
|b 63413507
|c 20181224
|g PSBO
|
| 942 |
|
|
|c BK
|
| 959 |
|
|
|a 43/20080417
|d 1
|e 980,00
|f ЧЗТЛ:1
|